| 000 | 00535nam a22002057a 4500 | ||
|---|---|---|---|
| 003 | LK-CoDNM | ||
| 005 | 20250108115829.0 | ||
| 008 | 250108b |||||||| |||| 00| 0 eng d | ||
| 040 |
_aLK-CoDNM _dLK-CoDNM _eLK-CoDNM |
||
| 041 | _aeng | ||
| 080 |
_a4 _bR13 |
||
| 100 | _aBaker,Stuard,E.C | ||
| 245 | _aThe Fauna of British India | ||
| 260 |
_aLondon _bTaylor and Francis ,Red lion Court Fleet Street _c1927 |
||
| 300 | _axxvii,471p. : ill ; 23 cm | ||
| 490 | _vVolume 4 | ||
| 650 | _aScience | ||
| 650 | _a4 R13 | ||
| 942 | _cBK | ||
| 999 |
_c235460 _d235460 |
||